书目信息 |
| 题名: |
十六大以来党和国家重要文献选编
|
|
| 作者: | ;新华月报 编 | |
| 分册: | 上 | |
| 出版信息: | 北京 人民出版社 2005 |
|
| 页数: | 722页 | |
| 开本: | 22cm | |
| 丛书名: | ||
| 单 册: | ||
| 中图分类: | D22 | |
| 科图分类: | ||
| 主题词: | ||
| 电子资源: | ||
| ISBN: | 7-01-005020-1 | |
| 000 | 00684nam0 2200217 450 | |
| 001 | 010060003930 | |
| 005 | 20061031163937.50 | |
| 010 | @a7-01-005020-1@b精装@dCNY110.00(全2册) | |
| 100 | @a20050817d2005 em y0chiy0110 ea | |
| 101 | 0 | @achi |
| 102 | @aCN@b110000 | |
| 105 | @aak z 000yy | |
| 200 | 1 | @a十六大以来党和国家重要文献选编@9shi liu da yi lai dang he guo jia zhong yao wen xian xuan bian@h上@h一@f新华月报编 |
| 210 | @a北京@c人民出版社@d2005 | |
| 215 | @a722页@c图@d22cm | |
| 601 | 02 | @a中共中央@x文件@z2002~2004@j汇编 |
| 601 | 02 | @a中共中央 |
| 690 | @aD22@v4 | |
| 711 | 02 | @a新华月报@9xin hua yue bao@4编 |
| 801 | 0 | @aCN@bRENTIAN@c20061031 |
| 905 | @a10447@dD22@e98:1(1) | |
| 十六大以来党和国家重要文献选编.上.一/新华月报编.-北京:人民出版社,2005 |
| 722页:图;22cm |
| ISBN 7-01-005020-1(精装):CNY110.00(全2册) |
| ● |
| 相关链接 |
|
|
|
|
正题名:十六大以来党和国家重要文献选编
索取号:D22/98:1(1)
 
预约/预借
| 序号 | 登录号 | 条形码 | 馆藏地/架位号 | 状态 | 备注 |
| 1 | 0386581 | 203865816 | 第一样本阅览室/ [索取号:D22/98:1(1)] | 在馆 | |
| 2 | 0386582 | 203865825 | 第一借阅区/ [索取号:D22/98:1(1)] | 在馆 | |
| 3 | 0386583 | 203865834 | 第一借阅区/ [索取号:D22/98:1(1)] | 在馆 |